Sanat: "Pistoolisankari" - Dingo - Statistics

Yleistilastot
  • Tätä visaa on pelattu 47 kertaa
  • Keskiarvotulos 67 / 145
Vastaustilastot
% Oikein
kuljen
100%
Kuljen
100%
mua
93%
pistoolisankarina.
86%
länsi
79%
lautturina.
79%
meren
79%
sateen
79%
Sivistynyt
79%
autiosaarella
71%
Nyt
71%
Olen
71%
olen
71%
piiskaamaa
71%
rantaa
71%
autiosaarta
64%
Devil
64%
haluaa.
64%
Hero
64%
On
64%
on
64%
uskollinen
64%
haavoittanut
57%
hommissa
57%
ja
57%
jokin
57%
kotiin
57%
kuin
57%
kuljettaa.
57%
seuranaan.
50%
jotain,
43%
symbolikseen
43%
Tiedän
43%
arkaan
36%
Fantom
36%
joka
36%
koiransa
36%
kotimaa.
36%
paikkaan,
36%
paratiisi,
36%
rakkauslaulujen
36%
rannikko
36%
romuttaa.
36%
taas,
36%
Tämä
36%
kohtalon
29%
ollut
29%
rinnassani,
29%
syvällä
29%
tuhansien
29%
vierelläin.
29%
katson
21%
ovat
21%
siinä
21%
veitsi
21%
aamu
14%
En
14%
Etelän
14%
horisonttiin.
14%
lauttoja
14%
millään
14%
minulle
14%
perhealbumeja,
14%
sankariroolit
14%
silmänkantamattomiin.
14%
silmiäin:
14%
taivaalta
14%
tuhansittain
14%
Tuo
14%
uskoa
14%
vilkuttaa.
14%
Hätähuutoja
7%
Kellastuneita
7%
lukemaan.
7%
maailmalta.
7%
nousuvesi
7%
postia
7%
ratkaistuja
7%
risti
7%
ristisanoja.
7%
saata
7%
tottunut
7%
yksinäisten
7%
Ehtoja vastaavia visoja ei löytynyt
Tulosjakauma
Jokaisen tuloksen saaneiden osuus
Persentiili vastausten määrän mukaan
Tuloshistoriasi
Et ole pelannut tätä visaa